000 00716nam a2200217Ia 4500
999 _c2352
_d2352
003 GCL
005 20240530094922.0
008 140319s9999 xx 000 0 ara d
040 _aGCL /
_cGCL
082 0 4 _a00.5
_bج ج
100 1 _aجاروسكى. جيمس
245 1 0 _aجافا سكريبت وجى سكريبت /
_cجاروسكى. جيمس
250 _aالاولى
260 _aالقاهرة :
_bدار الفاروق للنشر والتوزيع ،
_c2000
300 _a1000ص ؛
_c22 سم
650 0 4 _aالحاسبات الالكترونية - برامج
650 0 4 _aالإنترنت
650 0 4 _aجافا سكريبت
650 0 4 _aالإنترنت - تصميم مواقع
942 _2ddc
_cBK